| 000 -CABECERA |
| Longitud fija campo de control |
00789nas a22002414a 4500 |
| 008 - CÓDIGOS DE INFORMACIÓN DE LONGITUD FIJA |
| Códigos de información de longitud fija |
850522c19819999spc x || o0 ||cat|| |
| 022 ## - NÚMERO INTERNACIONAL NORMALIZADO PARA PUBLICACIONES SERIADAS |
| Número Internacional Normalizado para Publicaciones Seriadas |
0211-562X |
| 035 ## - NÚMERO DE CONTROL DEL SISTEMA |
| Número de control del sistema |
0065-87160 |
| -- |
ES-BaSLP035 |
| 040 ## - FUENTE DE LA CATALOGACIÓN |
| Centro catalogador de origen |
ES-BaBC |
| Lengua de catalogación |
cat |
| Centro transcriptor |
ES-BaBC |
| Centro modificado |
ES-BaSLP |
| 080 ## - NÚMERO DE LA CLASIFICACIÓN DECIMAL UNIVERSAL |
| Número de la Clasificación Decimal Universal |
05Arrel |
| 222 #0 - TÍTULO CLAVE |
| Título clave |
Arrel |
| 245 00 - MENCIÓN DE TÍTULO |
| Título |
Arrel : |
| Resto del título |
revista editada per la Diputació de Barcelona. |
| 260 ## - PUBLICACIÓN, DISTRIBUCIÓN, ETC. (PIE DE IMPRENTA) |
| Lugar de publicación, distribución, etc. |
Barcelona : |
| Nombre del editor, distribuidor, etc. |
Servei de Premsa de la Diputació de Barcelona, |
| Fecha de publicación, distribución, etc. |
1981- |
| 300 ## - DESCRIPCIÓN FÍSICA |
| Dimensiones |
28 cm. |
| 310 ## - PERIODICIDAD ACTUAL |
| Periodicidad actual |
Irregular |
| 362 0# - FECHAS DE PUBLICACIÓN Y/O DESIGNACIÓN SECUENCIAL |
| Fecha de publicación y/o designación secuencial |
Núm. 1 (1981, abr./juny)- |
| 500 ## - NOTA GENERAL |
| Nota general |
A partir del núm. 9 el subtítol desapareix. |
| 500 ## - NOTA GENERAL |
| Nota general |
Les dimensions varien. |
| 525 ## - NOTA DE SUPLEMENTO |
| Nota de suplemento |
El núm. 5 va acompanyat de 13 mapes. |
| 650 #4 - PUNTO DE ACCESO ADICIONAL DE MATERIA - TÉRMINO DE MATERIA |
| Término de materia o nombre geográfico como elemento inicial |
Revistes generals |
| 710 1# - PUNTO DE ACCESO ADICIONAL - NOMBRE DE ENTIDAD |
| Nombre de entidad o nombre de jurisdicción como elemento inicial |
Barcelona (Província). |
| Unidad subordinada |
Servei de Premsa |
| 752 ## - PUNTO DE ACCESO ADICIONAL - NOMRE JER´RQUICO DE LUGAR |
| Ciudad |
Barcelona. |